[Event "AUT-ch U14 Girls"]
[Site "Vienna"]
[Date "2008.05.13"]
[Round "7"]
[White "Schamberger, Katja"]
[Black "Steiner, Lucia"]
[Result "1-0"]
[WhiteElo "1366"]
[BlackElo "1225"]
[PlyCount "85"]
[EventDate "2008.05.10"]
[EventType "swiss"]
[EventRounds "7"]
[EventCountry "AUT"]
[SourceTitle "EXT 2009"]
[Source "ChessBase"]
[SourceDate "2008.11.26"]
[SourceVersion "1"]
[SourceVersionDate "2008.11.26"]
[SourceQuality "1"]

1. e4 e5 2. Nf3 Nc6 3. Bc4 Bc5 4. 0-0 Nf6 5. d4 exd4 6. e5 Ng4 7. Bxf7+ Kf8 8. Re1 Be7 9. Bc4 d5 10. exd6 Qxd6 11. h3 Nf6 12. Bg5 Bf5 13. Nh4 Bd7 14. Qf3 Qb4 15. Na3 Qc5 16. Bxf6 Bxf6 17. b3 Re8 18. Nb5 Qb6 19. Qd5 Rxe1+ 20. Rxe1 Be8 21. Qe6 Ne7 22. Qe4 a6 23. Na3 Qb4 24. Nb1 Bxh4 25. c3 dxc3 26. Qxh4 Qd6 27. Nxc3 Bf7 28. Rd1 Qc6 29. Rd8+ Be8 30. Qh5 Ng6 31. Qg5 Qf6 32. Qc5+ Qe7 33. Qf5+ Qf6 34. Qd5 Ne5 35. Ne4 Qe7 36. Nc5 Nxc4 37. Qxc4 g6 38. Ne6+ Kg8 39. Nxc7+ Kg7 40. Qd4+ Qf6 41. Nxe8+ Rxe8 42. Qxf6+ Kxf6 43. Rxe8 1-0

[Event "AUT-ch U14 Girls"]
[Site "Vienna"]
[Date "2008.05.10"]
[Round "1"]
[White "Schamberger, Katja"]
[Black "Bauer, Valentina"]
[Result "0-1"]
[WhiteElo "1366"]
[BlackElo "1563"]
[PlyCount "38"]
[EventDate "2008.05.10"]
[EventType "swiss"]
[EventRounds "7"]
[EventCountry "AUT"]
[SourceTitle "EXT 2009"]
[Source "ChessBase"]
[SourceDate "2008.11.26"]
[SourceVersion "1"]
[SourceVersionDate "2008.11.26"]
[SourceQuality "1"]

1. e4 e6 2. Nf3 d5 3. exd5 exd5 4. d4 Nc6 5. Nc3 Bb4 6. Bd2 Nge7 7. Be2 Bg4 8. h3 Bxf3 9. Bxf3 Nxd4 10. Nxd5 Bxd2+ 11. Qxd2 Nxf3+ 12. gxf3 Qxd5 13. Qxd5 Nxd5 14. 0-0-0 0-0-0 15. Rhe1 Nf4 16. h4 Rxd1+ 17. Kxd1 Rd8+ 18. Kc1 c6 19. c3 Nd3+ 0-1

[Event "AUT-ch U12 Girls"]
[Site "St Georgen"]
[Date "2007.??.??"]
[Round "3"]
[White "Schamberger, Katja"]
[Black "Bauer, Valentina"]
[Result "0-1"]
[WhiteElo "1457"]
[BlackElo "1547"]
[PlyCount "74"]
[EventDate "2007.05.??"]
[EventType "swiss"]
[EventRounds "7"]
[EventCountry "AUT"]
[SourceTitle "EXT 2008"]
[Source "ChessBase"]
[SourceDate "2007.11.25"]
[SourceVersion "1"]
[SourceVersionDate "2007.11.25"]
[SourceQuality "1"]

1. e4 e6 2. Nf3 d5 3. exd5 exd5 4. d4 Nc6 5. Nc3 Nf6 6. Bd3 Bg4 7. 0-0 Bxf3 8. Qxf3 Nxd4 9. Qe3+ Ne6 10. Bf5 d4 11. Qe5 dxc3 12. bxc3 Bd6 13. Qe2 Qe7 14. Re1 Nd8 15. Qd2 Ne6 16. Qe2 0-0-0 17. Qc4 Rhe8 18. Rb1 g6 19. Be4 Nxe4 20. Rxe4 f5 21. Re1 Qd7 22. Qd5 c6 23. Qa5 b6 24. Qa6+ Qb7 25. Qc4 b5 26. Qb3 Nc5 27. Bg5 Rxe1+ 28. Rxe1 Nxb3 29. cxb3 Be7 30. Bf4 g5 31. Be3 f4 32. Bd4 Qd7 33. h3 c5 34. Be5 Qe6 35. Kh2 Rd5 36. f3 Rxe5 37. Rxe5 Qxe5 0-1

[Event "AUT-ch U12 Girls"]
[Site "St Georgen"]
[Date "2007.??.??"]
[Round "6"]
[White "Zoehrer, Sarah"]
[Black "Schamberger, Katja"]
[Result "1/2-1/2"]
[WhiteElo "1496"]
[BlackElo "1457"]
[PlyCount "76"]
[EventDate "2007.05.??"]
[EventType "swiss"]
[EventRounds "7"]
[EventCountry "AUT"]
[SourceTitle "EXT 2008"]
[Source "ChessBase"]
[SourceDate "2007.11.25"]
[SourceVersion "1"]
[SourceVersionDate "2007.11.25"]
[SourceQuality "1"]

1. e4 c5 2. Nf3 Nc6 3. d4 cxd4 4. Nxd4 g6 5. Be3 Bg7 6. Be2 Nf6 7. Nc3 0-0 8. 0-0 d5 9. Bf3 dxe4 10. Nxc6 bxc6 11. Nxe4 Qc7 12. Rb1 Qe5 13. Nc3 Bb7 14. Qe2 Nd5 15. Nxd5 cxd5 16. c3 e6 17. Rfd1 Rfe8 18. Rd2 Bf8 19. Rbd1 Bd6 20. g3 Red8 21. Qb5 Bc8 22. Qc6 Bd7 23. Qa6 Bc8 24. Qc6 Bd7 25. Qa6 Be7 26. c4 Qf5 27. Bg2 Bc8 28. Qa4 Bb7 29. Qb3 Rdb8 30. Qc3 Bf6 31. Qc2 Qxc2 32. Rxc2 Rd8 33. Rcd2 a5 34. b3 Bc3 35. Rd3 Bb4 36. cxd5 exd5 37. Bxd5 Bxd5 38. Rxd5 Rxd5 1/2-1/2